000 004490000a22001810004500
003 MACL
005 20160129120559.0
008 160129b xxu||||| |||| 00| 0 eng d
040 _aMACL
_cMACL
041 _aEnglish
082 _a590/UNI
100 _aUniversal Book Depot
_934523
245 _aUniversal self Scorer Zoology
260 _bUniversal Book Depot
_aGwalior
350 _a285
650 _aAnimals
_935230
942 _cBK
_k590/uni
_2ddc
999 _c32110
_d32110